Click the Heraldic Tincture for Every Colour - Statistics

General Stats
  • This quiz has been taken 24 times
  • The average score is 5 of 7
Answer Stats
Hint Answer % Correct
Blue Azure
100%
Purple Purpure
88%
Green Vert
82%
White Argent
76%
Black Sable
71%
Red Gules
65%
Yellow Or
65%
No matching quizzes found
Score Distribution
Percent of People with Each Score
Percentile by Number Answered
Your Score History
You have not taken this quiz